000 00692nam a2200241 a 4500
001 17591
003 CO-ViMGA
008 141112s2004 ck r 000 u spa d
020 _a8432994774
040 _aCO-ViMGA
_bspa
_cCO-ViMGA
082 0 4 _a796.1 S245r
100 1 _aSchiller, Pam
_924913
245 1 0 _aEl rincón del juego . 3 años
260 _aBarcelona (España),
_cCeac,
_c1999
300 _a187.p.
590 _aForma de adquisición : Premio - Mincultura
650 1 4 _aACTIVIDADES RECREATIVAS
_924914
650 1 4 _aJUEGOS DE RECREACION
_924915
650 1 4 _aJUEGOS EDUCATIVOS
_918447
650 1 4 _aJUEGOS INFANTILES
_910241
650 1 4 _aRECREACION
_918448
942 _2ddc
_cBK
999 _c27085
_d27085